书目信息 |
| 题名: |
文学写作教程
|
|
| 作者: | 翁世荣 编 | |
| 分册: | ||
| 出版信息: | 上海 华东师范大学出版社 1984 |
|
| 页数: | 412页 | |
| 开本: | 21cm | |
| 丛书名: | ||
| 单 册: | ||
| 中图分类: | I04 , H15 | |
| 科图分类: | ||
| 主题词: | 文学创作-写作学--教材 , 写作学-文学创作--教材 , 汉语--写作 , 汉语--修辞 | |
| 电子资源: | ||
| ISBN: | ||
| 000 | 00689nam0 2200265 45 | |
| 001 | 1550766785 | |
| 005 | 20150129184031.95 | |
| 010 | @dCNY1.75 | |
| 091 | @aCN@b7135.123 | |
| 100 | @a19950207d1984 em y0chiy0121 ea | |
| 101 | 0 | @achi |
| 102 | @aCN@b310000 | |
| 105 | @ay j 000yy | |
| 200 | 10 | @a文学写作教程@Awen xue xie zuo jiao cheng@f翁世荣编 |
| 210 | @a上海@c华东师范大学出版社@d1984 | |
| 215 | @a412页@d21cm | |
| 606 | @a文学创作-写作学@x教材 | |
| 606 | @a写作学-文学创作@x教材 | |
| 606 | 0 | @a汉语@x写作 |
| 606 | 0 | @a汉语@x修辞 |
| 690 | @aI04@v3 | |
| 690 | @aH15@v4 | |
| 701 | 0 | @a翁世荣@Aweng shi rong@4编 |
| 801 | 0 | @aCN@bTSSF@c20150129 |
| 905 | @aZUCC@dH15@eJY72 | |
| 文学写作教程/翁世荣编.-上海:华东师范大学出版社,1984 |
| 412页;21cm |
| ISBN :CNY1.75 |
| ● |
| 相关链接 |
|
|
|
|
正题名:文学写作教程
索取号:H15/JY72
 
预约/预借
| 序号 | 登录号 | 条形码 | 馆藏地/架位号 | 状态 | 备注 |
| 1 | 7850229 | 278502292 | 学院路分馆/ [索取号:H15/JY72] | 在馆 | |
| 2 | 7850230 | 278502309 | 学院路分馆/ [索取号:H15/JY72] | 在馆 | |
| 3 | 7850231 | 278502318 | 学院路分馆/ [索取号:H15/JY72] | 在馆 |